| 000 | 01711nam a22002417a 4500 | ||
|---|---|---|---|
| 999 |
_c57888 _d57888 |
||
| 003 | Ge_BSU | ||
| 005 | 20221221160424.0 | ||
| 008 | 210325s2019 ge ||||| |||| 00| 0 geo d | ||
| 041 | _ageo | ||
| 080 | _a58 დ-15 | ||
| 100 |
_aდავითაძე, რუსლან _92892 |
||
| 245 |
_aსტევიას ახალი ინტროდუცირებული ჯიშების ბიოლოგიურად აქტიური ნივთიერებები / _cრუსლან დავითაძე; სამეცნ. ხელმძღვანელი ა. კალანდია; ბსუ. საბუნებისმეტყველო მეცნიერებათა და ჯანდაცვის ფაკულტეტი. ქიმიის დეპარტამენტი |
||
| 264 |
_aბათუმი, _c2019. |
||
| 300 |
_a117 გვ.; _bილ., _c30 სმ. |
||
| 504 | _aბიბლიოგრ. გვ. 98-110 | ||
| 653 | _aბიოლოგია | ||
| 653 | _aქიმია | ||
| 653 | _aსტევიას ახალი ინტროდუცირებული ჯიშების ბიოლოგიურად აქტიური ნივთიერებები | ||
| 653 | _aდისერტაცია | ||
| 700 |
_aკალანდია, ა. _eსამეცნ. ხელმძღვანელი _910752 |
||
| 710 |
_aბსუ. _bსაბუნებისმეტყველო მეცნიერებათა და ჯანდაცვის ფაკულტეტი. ქიმიის დეპარტამენტი _910753 |
||
| 942 |
_2udc _cDS |
||